000 00671nam a2200253Ia 4500
001 Para_2148
003 CHAP
008 220125s1974 xx 000 0 und d
010 _a200762
040 _cCHAP
082 _aPA 632.95 C67
100 _aCorbett, J.R.
_927924
245 _aThe biochemical mode of action of pesticides /
_c by J.R. Corbett
260 _aLondon :
_b Academic Press
300 _a330 p.
650 _aPesticidas
_x efectos fisiológicos
_987555
901 _aPA 632.95 C67
902 _aA
905 _a0000001974 a 0000000000 00
910 _a1974
942 _cPARA
942 _cPARA
_d1
999 _c200762
_d200762